00281nam a2200133Ia 45000030006000000080041000060400015000471000015000622450022000772500010000992600009001095460012001180050017001300STCL150530s9999 xx 000 0 und d aSTCLcSTCL aIvor Brown aRhapsody of words aFirst c1969 aEnglish20220125165753.0